| 000 | 00370nam a2200133Ia 4500 | ||
|---|---|---|---|
| 008 | 150202s9999 xx 000 0 und d | ||
| 020 | _a034537522X | ||
| 050 |
_aFIC _bFIC |
||
| 100 | _aTolkien, J.R.R. | ||
| 245 | 4 |
_aThe book of lost tales 2 / _cJ.R.R. Tolkien. |
|
| 260 |
_aNew York : _bBallantine Books, _c1984. |
||
| 300 |
_a391 pages : _c18 cm. |
||
| 650 | _aFiction. | ||
| 999 |
_c282424 _d282424 |
||